Score 0/24 Timer 03:00
8 Plays Today
Hint First Name % Correct
B - _____ GatesBill
99.5%
C - _____ EastwoodClint
98.9%
F - _____ SinatraFrank
98.8%
M - _____ Luther King Jr.Martin
98.2%
N - _____ ArmstrongNeil
97.6%
H - _____ S. TrumanHarry
96.9%
S - _____ SpielbergSteven
96.8%
E - _____ HemingwayErnest
96.7%
T - _____ RooseveltTheodore
95.4%
D - _____ D. EisenhowerDwight
95%
J - _____ D. RockefellerJohn
90.8%
G - _____ S. PattonGeorge
90%
Hint First Name % Correct
Q - _____ TarantinoQuentin
88.7%
U - _____ S. GrantUlysses
88.6%
Z - _____ TaylorZachary
87.5%
V - _____ Lombardi Vince
87.2%
W - _____ PennWilliam
86.7%
R - _____ GiulianiRudolph
83.7%
A - _____ CarnegieAndrew
78.7%
O - _____ HammersteinOscar
76.6%
I - _____ AsimovIsaac
75.8%
P - _____ KrugmanPaul
71.8%
K - _____ CarsonKit
68.3%
L - _____ PageLarry
58.8%

Today's Daily Dose

Missing Word
I Hardly Know Her!

Word Ladder
Sentence Ending

Quick Pick
Female Firsts

Get the Picture
Triathlon Sports

Remove Ads.
Support Sporcle.
Get the best of Sporcle when you Go Orange. This ad-free experience offers more features, more stats, and more fun while also helping to support Sporcle. Thank you for becoming a member.

You're not logged in!

Compare scores with friends on all Sporcle quizzes.
OR
Log In

Show Comments

Extras

Top Quizzes Today


Score Distribution

Your Account Isn't Verified!

In order to create a playlist on Sporcle, you need to verify the email address you used during registration. Go to your Sporcle Settings to finish the process.

Report this User

Report this user for behavior that violates our Community Guidelines.

Details: